Peppa Pig Characters - Statistics

General Stats
  • This quiz has been taken 462 times
  • The average score is 20 of 38
Answer Stats
Answer % Correct
Peppa
99%
George
95%
Daddy
93%
Mummy
91%
Danny
77%
Suzy
76%
Pedro
72%
Rebecca
72%
Emily
64%
Grandpa
64%
Richard
64%
Zoe
64%
Candy
63%
Grandma
57%
Edmond
53%
Freddy
49%
Miss Rabbit
49%
Zuzu
49%
Zaza
48%
Madame Gazelle
46%
Wendy
43%
Gerald
42%
Mr Bull
41%
Delphine
39%
Kylie
39%
Grampy Rabbit
38%
Grandad Dog
37%
Mr Potato
35%
Gabriella
34%
Joey
34%
Mr Rabbit
34%
Belinda
32%
Didier
31%
Dr Hamster
31%
Mr Rhino
31%
Mr Elephant
28%
Mrs Cow
27%
Signor Goat
27%
No matching quizzes found
Score Distribution
Percent of People with Each Score
Percentile by Number Answered
Your Score History
You have not taken this quiz